000
00343nam a2200169Ia 4500
100
_a
Dewet/K.K
650
_a
General
250
_a
3
942
_c
BK
654
_a
Modern economic
245
_a
Modern Economic Theory
260
_b
S. Chand & co.
_c
1992
082
_a
338.9
_b
DEW
300
_a
741
546
_a
ENGLISH
999
_c
31191
_d
31191